| 000 | 00709nam a22002177a 4500 | ||
|---|---|---|---|
| 005 | 20170124110155.0 | ||
| 010 | _aA-318030 | ||
| 020 |
_c00.00 _a8185016216 |
||
| 035 | _aA-318030 | ||
| 037 | _bCen Lib/Ret | ||
| 040 |
_aDPL _bEN |
||
| 082 |
_a181.45 _bNEW |
||
| 245 |
_aNew essays in the bhagvada gita : _ccompiled by Arvind Sharma _bphilosophical, methodological and cultural approaches / |
||
| 260 |
_aNew Delhi _bBooks and Books _c1987 |
||
| 270 |
_bNew Delhi _aC4A/24A, janakpuri _e110058 |
||
| 300 |
_aviii, 204p. _c23cm(Hb) |
||
| 650 |
_z _aIndian philosophy _934862 |
||
| 650 |
_aBhagvada gita _934863 |
||
| 700 |
_aSharma, Arvind _934864 |
||
| 942 |
_2ddc _cEN _h181.45 _mNEW |
||
| 999 |
_c132485 _d132485 |
||